00292nam a2200121 450000500170000010000180001724500210003526400260005630000180008233600220010033700240012233800240014620260530115301.01 aGeorge S. Yip10aGlobalización  1bGrupo Ed. NORMAc1997 a306 páginas atexto2rdacontent asin medio2rdamedia avolumen2rdacarrier